000
00199nam a22000857a 4500
001
1236362
005
20251001163439.0
245
_a
ANKARALI
_c
ZEYNEP CEMALİ
260
_b
GÜNIŞIĞI KİTAPLIĞI YAYINLARI
999
_c
1236362
_d
1236362